The 20 Best Countries to Visit - Statistics

General Stats
  • This quiz has been taken 1,858 times
  • The average score is 14 of 20
Answer Stats
Hint Answer % Correct
2nd France
95%
4th USA
94%
1st Italy
92%
3rd Spain
92%
19th Canada
90%
18th Japan
89%
6th Australia
87%
15th Mexico
81%
5th Greece
74%
7th New Zealand
74%
10th India
73%
16th Portugal
72%
9th Turkey
66%
8th Thailand
65%
17th Ireland
60%
14th Netherlands
59%
11th South Africa
52%
12th Vietnam
45%
20th Morocco
34%
13th Sri Lanka
15%
No matching quizzes found
Score Distribution
Percent of People with Each Score
Percentile by Number Answered
Your Score History
You have not taken this quiz